Normal view
MARC view
- رياض الأطفال-أطفال ما قبل المدرسة
Entry Topical Term
001 - CONTROL NUMBER
- control field: 6982
003 - CONTROL NUMBER IDENTIFIER
- control field: JO-AjAnu
005 - DATE AND TIME OF LATEST TRANSACTION
- control field: 20230606071430.0
008 - FIXED-LENGTH DATA ELEMENTS
- fixed length control field: 230606|| aca||aabn | a|a d
040 ## - CATALOGING SOURCE
- Original cataloging agency: JO-AjAnu
- Transcribing agency: JO-AjAnu
150 ## - HEADING--TOPICAL TERM
- Topical term or geographic name entry element: رياض الأطفال-أطفال ما قبل المدرسة
670 ## - SOURCE DATA FOUND
- Source citation: Work cat.: (JO-AjAnu)3616: الخطيب،رناد يوسف, author 6981, رياض الأطفال:واقع ومنهاج